BanG Dream!邦多利随机应援色挑战 - Statistics

General Stats
  • This quiz has been taken 120 times
  • The average score is 3 of 12
Answer Stats
Picture Answer % Correct
大和麻弥
75%
美竹兰
71%
弦卷心
63%
冰川日菜
60%
丸山彩
56%
山吹沙绫
50%
宇田川巴
50%
白鹭千圣
50%
若宫伊芙
50%
户山香澄
40%
牛込里美
40%
市谷有咲
40%
高松灯
38%
上原绯玛丽
36%
冰川纱夜
36%
白金燐子
36%
千早爱音
33%
濑田薰
29%
北泽育美
29%
松原花音
29%
仓田真白
29%
八潮瑠唯
29%
要乐奈
29%
椎名立希
29%
三角初华
29%
凑友希那
27%
桐谷透子
25%
祐天寺若麦
25%
花园多惠
22%
宇田川亚子
20%
朝日六花
17%
长崎爽世
17%
奥泽美咲
14%
二叶筑紫
14%
今井莉莎
11%
羽泽鸫
10%
丰川祥子
9%
青叶摩卡
0%
广町七深
0%
和奏瑞依
0%
佐藤益木
0%
鳰原令王那
0%
珠手知由
0%
若叶睦
0%
八幡海铃
0%
No matching quizzes found
Score Distribution
Percent of People with Each Score
Percentile by Number Answered
Your Score History
You have not taken this quiz